PSYCHOLOGY FOR LIVING (Record no. 15068)

MARC details
000 -LEADER
fixed length control field 00278nam a22001337a 4500
003 - CONTROL NUMBER IDENTIFIER
control field SGT
082 ## - DEWEY DECIMAL CLASSIFICATION NUMBER
Classification number 150
Item number P15K
100 ## - MAIN ENTRY--PERSONAL NAME
Personal name KIRSH, STEVEN J.
245 ## - TITLE STATEMENT
Title PSYCHOLOGY FOR LIVING
250 ## - EDITION STATEMENT
Edition statement 11TH
260 ## - PUBLICATION, DISTRIBUTION, ETC. (IMPRINT)
Place of publication, distribution, etc INDIA
Name of publisher, distributor, etc PERSON
Year of Publication 2015
300 ## - PAGE DESCRIPTION
No. of Pages 415
942 ## - ADDED ENTRY ELEMENTS (KOHA)
Source of classification or shelving scheme Dewey Decimal Classification
Koha item type Books
942 ## - ADDED ENTRY ELEMENTS (KOHA)
-- 14
Holdings
Withdrawn status Lost status Source of classification or shelving scheme Damaged status Not for loan Collection code Home library Current library Shelving location Date acquired Vendor Name Cost, normal purchase price SGTU Bill Number Total Checkouts Full call number Accession No. (Barcode) Date last seen Date last borrowed Bill Date Koha item type Checked out
    Dewey Decimal Classification     MEDICAL SGT Engineering Library SGT Engineering Library Text Book 05/02/2018 ABC 559.00 SGTU 9089 7 150 P15K FM10389 18/08/2025 18/08/2025 13/12/2017 Books  
    Dewey Decimal Classification     MEDICAL SGT Engineering Library SGT Engineering Library Text Book 05/02/2018 ABC 559.00 SGTU 9089 1 150 P15K FM10390 04/06/2022 22/04/2022 13/12/2017 Books  
    Dewey Decimal Classification     MEDICAL SGT Engineering Library SGT Engineering Library Text Book 05/02/2018 ABC 559.00 SGTU 9089 8 150 P15K FM10391 21/05/2026 21/05/2026 13/12/2017 Books 04/06/2026